000 01459nam a22003857a 4500
003 CHAP
005 20220329143336.0
008 081006s2008 mx r 00010 spa d
010 _a95213
011 _a96185
035 _a106832
040 _cCHAP
090 _aTesis
100 1 _aRivera Salvador, Víctor.
_997750
245 1 0 _aCaracterización hidrodinámica de un biorraector que simula una fermentación anaerobia
_c/por Víctor Rivera Salvador
260 _aChapingo, Méx. :
_bEl autor,
_c2008
300 _axiv, 95 h. :
_bilus., gráfs., cuadros
502 _aTesis (Ing. Agroindustrial) -- UACH. Departamento de Ingeniería Agroindustrial
530 _aTambién disponible en línea
590 _aALEPH
_b10
_c20130110
_lUCH01
_h1524
590 _aBATCH-UPD
_b10
_c20130110
_lUCH01
_h0619
590 _aBATCH-UPD
_b10
_c20130410
_lUCH01
_h0301
590 _aBATCH-UPD
_b10
_c20130914
_lUCH01
_h0639
590 _aBATCH-UPD
_b10
_c20140324
_lUCH01
_h1507
590 _aBATCH-UPD
_b10
_c20141002
_lUCH01
_h0837
590 _aCONVERSION
_b10
_c20130109
_lUCH01
_h1353
650 1 4 _aBioreactores.
_9157567
650 1 4 _aHidrodinámica.
_955233
650 1 4 _aMezcladoras.
_975363
856 _3Finding aid
_uhttp://10.13.5.2/tesis/106832.pdf
_zTeclea aqui
901 _aBK
942 _cFOLL
949 _aTesis
_bBC
_cTES
_d33724002071678
_eTS2
_fc.2
_gDonaciØn
_h48131
_i106832
_sb
949 _aTesis
_bBC
_cTES
_d33724002071710
_eTS1
_gDonaciØn
_h48130
_i106832
_sb
999 _c95213
_d95213